000 00237 a2200097 4500
001 18506
100 _aUneses
245 _aLearning to be the world of education today tomorrow
260 _a
_bUnesco harrap
_c1972
090 _c13741
_d13741
942 _aNUST-CAE
_cM
_c4160
999 _c253579
_d253579